Preaching from a Pentecostal perspective. (Record no. 14226)

000 -LEADER
fixed length control field 00659nam a2200193 a 4500
001 - CONTROL NUMBER
control field :::00012055$&:&@@
003 - CONTROL NUMBER IDENTIFIER
control field OkBaRHE
005 - DATE AND TIME OF LATEST TRANSACTION
control field 20000607103415.0
008 - FIXED-LENGTH DATA ELEMENTS--GENERAL INFORMATION
fixed length control field s1970 j 000 0 eng u
040 ## - CATALOGING SOURCE
Transcribing agency
100 1# - MAIN ENTRY--PERSONAL NAME
Personal name Middlebrook, Sam F.
245 10 - TITLE STATEMENT
Title Preaching from a Pentecostal perspective.
260 ## - PUBLICATION, DISTRIBUTION, ETC. (IMPRINT)
Place of publication, distribution, etc New York, NY., :
Name of publisher, distributor, etc Vantage Press
Date of publication, distribution, etc 1970
300 ## - PHYSICAL DESCRIPTION
Extent 112 p. ;
Dimensions 21 cm.
650 ## - SUBJECT ADDED ENTRY--TOPICAL TERM
Topical term or geographic name as entry element Sermons, Pentecostal
942 ## - ADDED ENTRY ELEMENTS (KOHA)
Source of classification or shelving scheme
Koha item type Books
Copies
Damaged status Full call number Lost status Barcode Koha item type Date last seen Shelving location Price effective from Date acquired Source of classification or shelving scheme Not for loan Copy number Permanent Location Withdrawn status
 BX 8769 .Z6M5 12055Books2010-04-14General Stacks2010-04-142010-04-14  1RHEMA Bible Training College 
 BX 8769 .Z6M5 15434Books2010-04-14General Stacks2010-04-142010-04-14  2RHEMA Bible Training College